000 00358nam a2200133Ia 4500
008 240624s9999 xx 000 0 und d
041 _aeng
082 _a338.4702504 RAH
100 _aRAHMAN WAS
245 _aBLIND MAN AND THE ELEPHANT DEMYSTIFYING
260 _c2007
_aNew Delhi
_bSage Publications
300 _axvi, : 317 : p. : cm. ; 21
365 _cRS
_b32
999 _c7430
_d7430